Geschichte der deutschen Literatur von den Anfängen bis zur Gegenwart Vierter Band
| Format: | Book |
|---|---|
| Language: | Undetermined |
| PhysicalDescription: | 541 s. |
| Published: |
Berlin
Volk und Wissen
1960
|
MARC
| LEADER | 00000nam a2200000 a 4500 | ||
|---|---|---|---|
| 001 | vtls001334505 | ||
| 003 | SK-MaSNL | ||
| 005 | 20260224064328.0 | ||
| 008 | 980616s1960 xx 0 und | ||
| 035 | |a SNK000287455 | ||
| 040 | |a SNK |b slo |c SNK |e AACR2 | ||
| 245 | 1 | |a Geschichte der deutschen Literatur von den Anfängen bis zur Gegenwart |b Vierter Band | |
| 260 | |a Berlin |b Volk und Wissen |c 1960 | ||
| 300 | |a 541 s. | ||
| 999 | |c 890776 |d 892706 | ||
| 952 | |t snkGES/4 830 |a SNKUST |b SNKUST |y PREZ |7 0 |p 17A0139462 |o snkIC 31658/4 |i snkK 2267/62 |8 4 |0 0 |1 0 |4 0 |d 1998-06-16 |l 0 |r 2025-03-21 00:00:00 |w 2026-02-24 | ||


